000 01178njm a22002897a 4500
005 20100901140512.0
007 sd ammalaaahaa
008 100901t xxu||||| |||| 00| 0 hin d
028 _aN. 51086
_bHis Master's Voice
028 _aOJW. 3073
_bHis master's Voice
028 _aOJW. 3074
_bHis Master's Voice
035 _aGR-185
040 _aSED/VEN
100 _aSuraiya
_917938
245 _aMirza Ghalib :
_bHindustani /
_cby Suraiya ; music by Ghulam Mohamed ; lyric by Ghalib
_h[sound recording] :
246 _aमिर्ज़ा ग़ालिब (सुरैया )
260 _aDum Dum India
_bHis Master's Voice
300 _a1 sound disc [Gramophone record] :
_banalog, 33 1/3 rpm
_c10 in.
_fGramophone Record
500 _aBrief Record
505 _ajahan koi na ho -mirza ghalib (जहाँ कोई न हो -मिर्ज़ा ग़ालिब ) Asar hone tak (असर होने तक )
650 _aClassical music
_xExcerpts
_zIndia
_917939
700 _aGhulam Mohamed
_917940
700 _aGhalib
_917964
700 _aGhalib
_917941
942 _2ddc
_cGR
999 _c43384
_d43384